| 000 | 004300000a22001810004500 | ||
|---|---|---|---|
| 003 | MACL | ||
| 005 | 20160130150700.0 | ||
| 008 | 160130b xxu||||| |||| 00| 0 eng d | ||
| 040 |
_aMACL _cMACL |
||
| 041 | _aEnglish | ||
| 082 | _a823/SIL | ||
| 100 |
_aSilva, Daniel _936181 |
||
| 245 | _aThe Kill Artist | ||
| 260 |
_bBallantine Books _c2000 _aAmerica |
||
| 350 | _a255 | ||
| 650 |
_aFiction _936182 |
||
| 942 |
_cBK _k823/SIL _2ddc |
||
| 999 |
_c31345 _d31345 |
||